000 01057cam a2200145 4500500
005 20260329000340.0
041 _afre
042 _adc
100 1 0 _aJoubert, Mickaël
_eauthor
700 1 0 _aLorrain, Lionel
_eauthor
245 0 0 _aÉconomie de la mondialisation
260 _bArmand Colin,
_c2015.
520 _aDepuis les années 1980, une nouvelle phase de mondialisation modifie en profondeur les structures et les équilibres de l’économie mondiale. Pour rendre la complexité du phénomène plus intelligible, cet ouvrage explore la mondialisation contemporaine dans une approche à la fois analytique et historique. La première permet de distinguer les différentes dimensions du processus de mondialisation (commerce, production, finance et gouvernance) alors que la seconde s’attache à souligner ses particularités et ressemblances avec la phase de mondialisation qui s’est jouée à la fin du XIXe siècle.
856 4 1 _uhttps://shs.cairn.info/economie-de-la-mondialisation--9782200600136?lang=fr&redirect-ssocas=7080
999 _c1795101
_d1795101